Návrh propagačnej komunikácie podniku ako súčasti zlepšovania manažérstva kvality

Gespeichert in:
Bibliographische Detailangaben
1. Verfasser: Szilva, Ivan, 1988- (Verfasst von)
Weitere Verfasser: Pastucha, Branislav, 1973- (Betreuung Doktorarbeit)
Format: Manuskript Buch
Sprache:Slowakisch
Veröffentlicht: Trnava : STU v Bratislave MTF UPMK KIK, 2010
Schlagworte:
Online-Zugang:VAIS
Tags: Tag hinzufügen
Keine Tags, Fügen Sie das erste Tag hinzu!

MARC

LEADER 00000ntm a22000003a 4500
001 stu217541
005 20150617230114.4
008 101127s2010----xo------------------slo-d
040 |a STU  |b slo 
041 0 |a slo 
044 |a xo 
100 1 |a Szilva, Ivan,  |d 1988-  |4 aut  |u M980  |T MTF Externí pracovníci  |X 48473  |U M980  |Y M980  |7 A000048473 
242 0 0 |a The proposal of promotional communication of the industrial company as a part of improving the quality management.  |y eng 
245 1 |a Návrh propagačnej komunikácie podniku ako súčasti zlepšovania manažérstva kvality 
260 |a Trnava :  |b STU v Bratislave MTF UPMK KIK,  |c 2010 
650 7 |a kvalita produkcie  |2 stusub 
650 7 |a Quality of Production  |2 estusub 
650 7 |a propagačná komunikácia  |2 stusub 
650 7 |a manažérstvo kvality  |2 stusub 
650 7 |a reklama  |2 stusub 
650 7 |a zákazník  |2 stusub 
650 7 |a customer  |2 estusub 
700 1 |a Pastucha, Branislav,  |d 1973-  |4 ths  |u M190  |U MTF Materiálovotechnologická fakulta  |T MTF Katedra priemyselného inžinierstva a manažmentu  |X 60221  |U M190  |Y 167  |7 A000060221 
856 4 |a info a plný text  |u http://is.stuba.sk/zp/portal_zp.pl?podrobnosti=47088  |3 VAIS 
996 |c M*BP-4587  |l MMSKP  |s P  |a 0  |w stu217541_0001